Breaking Bad / Better Call Saul Characters - Statistics

General Stats
  • This quiz has been taken 1,156 times
  • The average score is 19 of 25
Answer Stats
Episodes Character % Correct
86 Jimmy McGill | "Saul Goodman"
99%
62 Walter White
99%
51 Gustavo Fring
98%
62 Jesse Pinkman
98%
74 Mike Ehrmantraut
97%
62 Skyler White
96%
53 Hank Schrader
93%
7 Tuco Salamanca
89%
25 Hector Salamanca
88%
49 Kimberly Wexler
87%
51 Marie Schrader
84%
53 Walter White Jr.
82%
27 Chuck McGill
80%
30 Ignacio "Nacho" Varga
80%
12 Eduardo "Lalo" Salamanca
78%
36 Howard Hamlin
78%
35 Steven Gomez
63%
11 Todd Alquist
60%
23 Victor
55%
20 Tyrus Kitt
53%
13 Lydia Rodarte-Quayle
51%
15 Skinny Pete
49%
16 Huell Babineaux
48%
11 Marco Salamanca
39%
13 Leonel Salamanca
36%
No matching quizzes found
Score Distribution
Percent of People with Each Score
Percentile by Number Answered
Your Score History
You have not taken this quiz